EM Kader 2020 Spanien - Statistiken

Allgemein
  • Dieses Quiz wurde 77 mal gespielt
  • Das Durchschnittsergebnis liegt bei 16 aus 25
Antwortstatistiken
Position Verein Antwort % Korrekt
GK Manchester United David de Gea
97%
MF RB Leipizig Dani Olmo
82%
MF Manchester City Rodri
82%
ST Juventus Alvaro Morata
79%
MF Barcelona Pedri
78%
MF Liverpool Thiago
73%
GK Athletic Bilbao Unai Simon
72%
ST Manchester City Ferran Torres
70%
MF Atletico Madrid Koke
70%
MF SSC Napoli Fabian Ruiz
69%
DF Manchester City Aymeric Laporte
67%
DF Villareal Pau Torres
67%
MF Barcelona Sergio Busquets
67%
DF Barcelona Jordi Alba
64%
DF Leeds United Llorente
64%
MF Atletico Madrid Marcos Llorente
64%
DF Chelsea Azpilicueta
63%
ST Villareal Gerard Moreno
57%
Coach Spanien Luis Enrique
54%
ST Real Sociedad Mikel Oyarzabal
51%
DF Barcelona Eric Garcia
42%
Gk Brighton & HoveAlbion Robert Sanchez
42%
ST Wolverhampton Adama Traore
37%
DF Valencia Gaya
34%
MF Paris Saint-Germain Pablo Sarabia
28%
Keine übereinstimmenden Quizze gefunden
Verteilung der Resultate
Anzahl Personen mit jedem Resultat
Perzentil nach korrekt beantworteten Fragen
Ihre Resultats-Entwicklung
Sie haben dieses Quiz noch nicht gespielt